Тревожные сны: Записки комсорга стрелкового батальона; документальная повесть

Библиографические подробности
Главный автор: Иконников Ю. М. Юлий Михайлович
Другие авторы: Астраханцев С. (иллюстратор)
Язык:русский
Опубликовано: Москва, Молодая гвардия, 1986
Серии:Летопись Великой Отечественной
Предметы:
Формат: Книга
Запись в KOHA:https://koha.lib.tpu.ru/cgi-bin/koha/opac-detail.pl?biblionumber=169044

MARC

LEADER 00000nam0a2200000 4500
001 169044
005 20231031163303.0
020 |a RU  |b 86-19553 
035 |a (RuTPU)RU\TPU\book\183378 
090 |a 169044 
100 |a 20091106d1986 m y0rusy5003 ca 
101 0 |a rus 
102 |a RU 
105 |a a z 000zy 
200 1 |a Тревожные сны  |e Записки комсорга стрелкового батальона   |e документальная повесть  |f Ю. М. Иконников  |g худож. С. Астраханцев 
210 |a Москва  |c Молодая гвардия  |d 1986 
215 |a 222,[1] с.  |c ил.  |d 21 см 
225 1 |a Летопись Великой Отечественной 
610 1 |a Великая Отечественная война 1941-1945 гг. 
610 1 |a военная история 
675 |a 9(С)27  |z rus 
700 1 |a Иконников  |b Ю. М.  |g Юлий Михайлович  |4 070 
702 1 |a Астраханцев  |b С.  |4 440 
801 0 |a RU  |b RuMRKP  |c 19950704  |g psbo 
801 1 |a RU  |b 63413507  |c 20091106 
801 2 |a RU  |b 63413507  |c 20140303  |g RCR 
942 |c BK